Coffee board office manual. V 2. (Record no. 20101)

MARC details
000 -LEADER
fixed length control field 00290nam a2200109Ia 4500
082 ## - DEWEY DECIMAL CLASSIFICATION NUMBER
Classification number 633.72(02)
Item number COF
245 #0 - TITLE STATEMENT
Title Coffee board office manual. V 2.
260 ## - PUBLICATION, DISTRIBUTION, ETC. (IMPRINT)
Place of publication Bangalore
Name of publisher Coffee Board
Year of publication 1959
650 ## - SUBJECT ADDED ENTRY--TOPICAL TERM
Topical Term Coffee board manual
942 ## - ADDED ENTRY ELEMENTS (KOHA)
Koha item type Books
Holdings
Withdrawn status Lost status Damaged status Not for loan Home library Current library Date acquired Full call number Accession Number Koha item type
        RRII Library RRII Library 16/12/2021 633.72(02) COF 00829 Books